All Juventus players since the 2009/2010 season - Statistics

General Stats
  • This quiz has been taken 30 times
  • The average score is 47 of 113
Answer Stats
Answer % Correct
Buffon
96%
Chiellini
96%
Bonucci
93%
Pogba
93%
Cuadrado
89%
Dybala
89%
Del Piero
85%
Morata
85%
Tévez
85%
Barzagli
81%
Pirlo
81%
Ronaldo
81%
Can
78%
Higuain
78%
Vidal
78%
Alex Sandro
74%
Llorente
74%
Marchisio
74%
Pjanic
74%
Fagioli
70%
Perin
70%
Rabiot
70%
Szczęsny
70%
Khedira
67%
Matuidi
67%
Rugani
67%
Chiesa
63%
De Ligt
63%
Mandzukic
63%
Vlahovic
63%
Danilo
59%
De Sciglio
59%
Miretti
59%
Asamoah
56%
Bremer
56%
Locatelli
56%
Pinsoglio
56%
Kean
52%
MCKennie
52%
Milik
52%
Bernardeschi
48%
Evra
48%
Kostic
48%
Vučinić
48%
Cancelo
44%
Di Maria
44%
Gatti
44%
Quagliarella
44%
Arthur
41%
Douglas Costa
41%
Lemina
41%
Pereyra
41%
Trezeguet
41%
Zakaria
41%
Bentancur
37%
De Ceglie
37%
Padoin
37%
Sturaro
37%
Benatia
33%
Cáceres
33%
Giovinco
33%
Iaquinta
33%
Matri
33%
Neto
33%
Camoranesi
30%
Candreva
30%
Cannavaro
30%
Isla
30%
Kulusevski
30%
Motta
30%
Paredes
30%
Ramsey
30%
Storari
30%
Grosso
26%
Soulé
26%
Toni
26%
Amauri
22%
Demiral
22%
Grygera
22%
Höwedes
22%
Pellegrini
22%
Poulsen
22%
Spinazzola
22%
Zaza
22%
Borriello
19%
Coman
19%
Felipe Melo
19%
Frabotta
19%
Hernanes
19%
Pjaca
19%
Rincón
19%
Rubinho
19%
Sissoko
19%
Aquilani
11%
Audero
11%
Drăgușin
11%
Immobile
11%
Lichsteiner
11%
Molinaro
11%
Ogbonna
11%
Rômulo
11%
Aké
7%
De Winter
7%
Mandragora
7%
Osvaldo
7%
Portanova
7%
Traoré
7%
Marrone
4%
Ekdal
0%
Giaccherina
0%
Kaio Jorje
0%
Rafia
0%
Tello
0%
No matching quizzes found
Score Distribution
Percent of People with Each Score
Percentile by Number Answered
Your Score History
You have not taken this quiz